000 00579nam a2200229Ia 4500
003 OSt
005 20221005115051.0
006 a|||||r|||| 00| 0
007 ta
008 221004b |||||||| |||| 00| 0 eng d
024 _a70386
037 _cTextual
040 _aCRL
_cCRL
_beng
041 _2eng
_aeng
082 _aY1:1.51, K4-;1
100 _aGrant Michael
245 0 _aBirth of western civilization
_b Greece and Rome
260 _c1964
650 _aSOCIOLOGY
942 _hY1:1.51, K4-;1
_cTEXL
_2cc
999 _c1033326
_d1033326